عثمان بن عفان / (رقم التسجيلة. 31929)

تفاصيل مارك
000 -LEADER
fixed length control field 00522nam a22001697a 4500
005 - DATE AND TIME OF LATEST TRANSACTION
control field 20251108165818.0
008 - FIXED-LENGTH DATA ELEMENTS--GENERAL INFORMATION
fixed length control field 250721s9999 xx 000 0 ara d
082 14 - DEWEY DECIMAL CLASSIFICATION NUMBER
Classification number ط/923.1/عثم
100 1# - MAIN ENTRY--PERSONAL NAME
Personal name دندشي، محمد محمود
245 10 - TITLE STATEMENT
Title عثمان بن عفان /
264 1# - PRODUCTION, PUBLICATION, DISTRIBUTION, MANUFACTURE, AND COPYRIGHT NOTICE
Place of production, publication, distribution, manufacture طرابلس ( لبنان ) :
Name of producer, publisher, distributor, manufacturer دار الشمال للطباعة و النشر و التوزيع،
Date of production, publication, distribution, manufacture, or copyright notice [19-].
300 ## - PHYSICAL DESCRIPTION
Extent 76ص
490 0# - SERIES STATEMENT
Series statement عظماء العرب
650 17 - SUBJECT ADDED ENTRY--TOPICAL TERM
Topical term or geographic name as entry element التراجم
942 ## - ADDED ENTRY ELEMENTS (KOHA)
Source of classification or shelving scheme Dewey Decimal Classification
Koha item type كتب
المقتنيات
حالة السحب حالة الفقدان مصدر التصنيف حالة التلف غير قابل للإعارة المكتبة الرئيسية المكتبة الحالية موقع الرف تاريخ التزويد الرقم المتسلسل Total Checkouts رقم الإستدعاء تاريخ آخر ظهور تاريخ الفاتورة نوع المادة (كوها) الباركود
    Dewey Decimal Classification Unchecked   مكتبة الاميرة بديعة مكتبة الاميرة بديعة الأطفال 06/07/2004 1242   ط/923.1/عثم 28/07/2025 06/07/2004 كتب  
    Dewey Decimal Classification Unchecked   مكتبة الجويدة مكتبة الجويدة الأطفال 06/07/2004 1219   ط/923.1/عثم 28/07/2025 06/07/2004 كتب  
    Dewey Decimal Classification     مكتبة الحسن العامة مكتبة الحسن العامة الأطفال 09/04/2019 [2296]..   ط/923.1/عثم 28/07/2025 09/04/2019 كتب PLD00449178
    Dewey Decimal Classification     مكتبة الحسن العامة مكتبة الحسن العامة الأطفال 09/04/2019 [3131]..   ط/923.1/عثم 28/07/2025 09/04/2019 كتب PLD00449184
    Dewey Decimal Classification Unchecked   مكتبة صويلح العامة مكتبة صويلح العامة الأطفال 06/07/2004 2923   ط/923.1/عثم 28/07/2025 06/07/2004 كتب  
    Dewey Decimal Classification     مكتبة مؤتة مكتبة مؤتة الأطفال 07/09/2014 ( 299 )   ط/923.1/عثم 28/07/2025 07/09/2014 كتب PLD00343155
Implemented & Customized by: BBB with SCIT (Smart Chains for Information Technology)

Powered by Koha